Top Marvel Villains by Superhero Rival Quiz Stats

 Plays Quiz not verified by Sporcle

Score 0/74 Timer 10:00
0 Plays Today
Superhero/Team Villain % Correct
ThorLoki
94.4%
Spider-ManGreen Goblin
92.4%
Captain AmericaRed Skull
90.8%
Spider-ManVenom
89.8%
Spider-ManDr. Octopus
86.6%
X-MenMagneto
86.1%
Fantastic FourDr. Doom
85.8%
Spider-ManSandman
79.1%
Spider-ManCarnage
77.3%
HulkAbomination
76.7%
Iron ManMandarin
75.4%
Spider-ManElectro
74.5%
Spider-ManRhino
71.3%
Spider-ManLizard
70.2%
Fantastic FourGalactus
70%
Spider-ManVulture
69.7%
Spider-ManHobgoblin
66%
Spider-ManMysterio
64.9%
AvengersUltron
63.8%
Spider-ManKraven the Hunter
63.7%
X-MenBrotherhood of Evil Mutants
62.3%
Spider-ManShocker
62%
AvengersThanos
61.4%
Spider-ManKingpin
61.2%
HulkGeneral 'Thunderbolt' Ross
60.5%
X-MenApocalypse
60.4%
Captain AmericaBaron Zemo
58.9%
Iron ManIron Monger
58.4%
HulkThe Leader
55.1%
ThorEnchantress
54.2%
Spider-ManScorpion
51.4%
X-MenJuggernaut
49.1%
AvengersKang
47.2%
X-MenMr. Sinister
45.5%
X-MenSentinels
44.7%
ThorAbsorbing Man
43.7%
HulkThe Absorbing Man
43.7%
Superhero/Team Villain % Correct
Fantastic FourMole Man
43.6%
Fantastic FourThe Skrulls
43.3%
Iron ManCrimson Dynamo
42.5%
X-MenThe Hellfire Club
41%
Captain AmericaCrossbones
40.5%
ThorHela
39%
ThorSurtur
38%
ThorThe Executioner
37.7%
Fantastic FourSuper-Skrull
35.2%
Captain AmericaArnim Zola
35.1%
Fantastic FourAnnihilus
32.2%
Iron ManTitanium Man
31.4%
ThorThe Destroyer
29.2%
Iron ManFin Fang Foom
28.3%
Captain AmericaBatroc the Leaper
27.5%
ThorThe Wrecking Crew
26.8%
X-MenDark Phoenix
23.9%
Iron ManJustin Hammer
23.6%
Fantastic FourThe Sub-Mariner
23.5%
Fantastic FourPuppet-Master
23.2%
AvengersTaskmaster
22.6%
Fantastic FourMad Thinker
21.1%
Iron ManMadame Masque
20.5%
X-MenThe Brood
20.3%
AvengersMasters of Evil
19.7%
HulkZzzax
17.9%
Fantastic FourRed Ghost
16.5%
AvengersGrim Reaper
16.2%
X-MenThe Shadow King
16%
Captain AmericaThe Serpent Society
15.8%
AvengersCount Nefaria
13.5%
HulkThe U-Foes
12.9%
HulkMoonstone
12.8%
HulkThe Maestro
11.9%
HulkThe Red King
11.3%
Fantastic FourPsycho-Man
11%
AvengersMorgan le Fay
9.1%

You're not logged in!

Compare scores with friends on all Sporcle quizzes.
OR
Log In

Show Comments

Extras

Top Quizzes Today


Score Distribution

Your Account Isn't Verified!

In order to create a playlist on Sporcle, you need to verify the email address you used during registration. Go to your Sporcle Settings to finish the process.

Report this User

Report this user for behavior that violates our Community Guidelines.

Details: